Consultation before disposal to private sector landlord (Record no. 109301)

MARC details
000 -LEADER
fixed length control field 01564cad a22002535a 4500
001 - CONTROL NUMBER
control field L146809
008 - FIXED-LENGTH DATA ELEMENTS--GENERAL INFORMATION
fixed length control field 090302s2009 xxkd f s f000 0 eng d
020 ## - INTERNATIONAL STANDARD BOOK NUMBER
International Standard Book Number 9781409811794
035 ## - SYSTEM CONTROL NUMBER
System control number (Sirsi) u146809
041 0# - LANGUAGE CODE
Language code of text/sound track or separate title eng
050 04 - LIBRARY OF CONGRESS CALL NUMBER
Classification number 306.1 $2 18
110 1# - MAIN ENTRY--CORPORATE NAME
Corporate name or jurisdiction name as entry element United Kingdom
Subordinate unit Department for Communities and Local Government
9 (RLIN) 4939
245 00 - TITLE STATEMENT
Title Consultation before disposal to private sector landlord
Remainder of title statutory guidance : a consultation paper
Medium [electronic resource]
260 ## - PUBLICATION, DISTRIBUTION, ETC.
Place of publication, distribution, etc. London
Name of publisher, distributor, etc. DCLG
Date of publication, distribution, etc. 2009
505 2# - FORMATTED CONTENTS NOTE
Formatted contents note Introduction -- Background -- Annex A1: Draft statutory guidance -- Annex 1: Stage 1 notice -- Annex B: Schedule 3A of the Housing Act 1985
520 ## - SUMMARY, ETC.
Summary, etc. Announces the launch of a consultation on draft Statutory Guidance to English local housing authorities on meeting the requirements regarding consulting with tenants prior to seeking consent to dispose of tenants' homes to a private landlord. These requirements are imposed on them by paragraph 3 to schedule 3A of the Housing Act 1985 - Consultation before disposal on private sector landlord (as amended by section 294 of the Housing and Regeneration Act 2008). The limit date to answer this consultation is the 21st March 2009.
590 ## - LOCAL NOTE (RLIN)
Local note KA NTK
650 24 - SUBJECT ADDED ENTRY--TOPICAL TERM
Topical term or geographic name entry element HOUSING ACT 1985
650 24 - SUBJECT ADDED ENTRY--TOPICAL TERM
Topical term or geographic name entry element HOUSING AND REGENERATION ACT 2008
651 #4 - SUBJECT ADDED ENTRY--GEOGRAPHIC NAME
Geographic name England
Chronological subdivision 886-
690 ## - LOCAL SUBJECT ADDED ENTRY--TOPICAL TERM (OCLC, RLIN)
Topical term or geographic name as entry element PROPERTY-PROPERTY ACQUISITION AND DISPOSAL
856 40 - ELECTRONIC LOCATION AND ACCESS
Uniform Resource Identifier <a href="https://www.communities.gov.uk/publications/housing/disposalprivatesector">https://www.communities.gov.uk/publications/housing/disposalprivatesector</a>
Public note View the item free of charge at www.communities.gov.uk...
942 ## - ADDED ENTRY ELEMENTS (KOHA)
Suppress in OPAC 0
Holdings
Withdrawn status Lost status Source of classification or shelving scheme Damaged status Not for loan Home library Current library Shelving location Date acquired Total Checkouts Full call number Barcode Date last seen Copy number Price effective from Koha item type
    Dewey Decimal Classification     Virtual Virtual Online 02/03/2009   ONLINE PUBLICATION 146809-2001 06/08/2019 1 06/08/2019 Book